• 首页
  • 本馆介绍
  • 公告通知
  • 最新文献
  • 馆藏检索
  • 电子资源
  • 读者导购
  • 参考咨询
  • 我的图书馆
  • 登录
  • 详细信息显示
  • 放入我的书架
  • 预约/预借图书
  • 作者相关作品
  • 分类相关作品
  • 丛书相关作品
  • 出版社相关作品

书目信息

  • 表格格式
  • 工作单格式
  • 卡片格式
题名:
阿拉伯语汉语词典
    
 
作者: ;北京大学东方语言系阿拉伯语教研室 编
分册:  
出版信息: 北京   商务印书馆  1966
页数: 1505页
开本: 19cm
丛书名:
单 册:
中图分类: H376
科图分类:
主题词: 阿拉伯语--词典
电子资源:
ISBN:
000 00683nam0 2200217 45
001 0178003524
005 20050425152936.8
010    @dCNY6.40@b精装
091    @a9017.548
100    @a19950718e19781966emky0chiy0121 ea
101 0  @achi@aara
102    @aCN@b110000
105    @ay e 000yy
200 10 @a阿拉伯语汉语词典@Aa la bo yu han yu ci dian@f北京大学东方语言系阿拉伯语教研室编@FBei Jing Da Xue Dong Fang Yu Yan Xi A La Bo Yu Jiao Yan Shi Bian
210    @a北京@c商务印书馆@d1966@h1978重印
215    @a1505页@d19cm
606    @a阿拉伯语@x词典
690    @aH376@v3
711 02 @a北京大学东方语言系阿拉伯语教研室@4编
801  0 @aCN@bNLC@c20050425
905    @f1@b2603@dH376@e8
    
    阿拉伯语汉语词典/北京大学东方语言系阿拉伯语教研室编.-北京:商务印书馆,1966(1978重印)
    1505页;19cm
    
    
    ISBN (精装):CNY6.40
    
●
相关链接 在E读中查询图书 在五车中查询图书 在当当中查询图书 在豆瓣中查询图书


正题名:阿拉伯语汉语词典     索取号:H376/8         预约/预借

序号 登录号 条形码 馆藏地/架位号 状态 备注
1 0002603   001566647   第二样本阅览室/ [索取号:H376/8] 在馆    
唐山师范学院图书馆 欢迎您!
大连网信软件有限公司© 版权所有